Entire 2018 NBA Draft - Statistics

General Stats
  • This quiz has been taken 7 times
  • The average score is 17 of 60
Answer Stats
Picks Answer % Correct
#1 Suns Deandre Ayton
100%
#4 Grizzlies Jaren Jackson Jr.
100%
#43 Nuggets Justin Jackson
100%
#3 Hawks Luka Doncic
100%
#2 Kings Marvin Bagley III
83%
#5 Mavericks Trae Young
83%
#50 Pacers Alize Johnson
67%
#8 Cavaliers Collin Sexton
67%
#32 Grizzlies Jevon Carter
67%
#9 Knicks Kevin Knox
67%
#27 Celtics Robert Williams
67%
#7 Bulls Wendell Carter Jr.
67%
#13 Clippers Jerome Robinson
50%
#19 Hawks Kevin Huerter
50%
#36 Knicks Mitchell Robinson
50%
#6 Magic Mo Bamba
50%
#16 Suns Zhaire Smith
50%
#42 Pistons Bruce Brown Jr.
33%
#17 Bucks Donte DiVincenzo
33%
#21 Jazz Grayson Allen
33%
#33 Mavericks Jalen Brunson
33%
#20 T-Wolves Josh Okogie
33%
#18 Spurs Lonnie Walker
33%
#14 Nuggets Michael Porter Jr.
33%
#10 76ers Mikal Bridges
33%
#12 Clippers Miles Bridges
33%
#30 Hawks Omari Spellman
33%
#11 Hornets Shai Gilgeous-Alexander
33%
#15 Wizards Troy Brown Jr.
33%
#23 Pacers Aaron Holiday
17%
#24 T-Blazers Anfernne Simons
17%
#22 Bulls Chandler Hutchinson
17%
#29 Nets Dzanan Musa
17%
#31 Suns Elie Okobo
17%
#38 76ers Khyri Thomas
17%
#40 Nets Rodions Kurucs
17%
#55 Hornets Arnoldas Kulboka
0%
#49 Spurs Chimezie Metu
0%
#46 Rockets De'Anthony Melton
0%
#53 Thunder Devon Hall
0%
#34 Hawks Devonte' Graham
0%
#37 Kings Gary Trent Jr.
0%
#59 Suns George King
0%
#45 Nets Hamidou Diallo
0%
#39 76ers Isaac Bonga
0%
#44 Wizards Issuf Sanon
0%
#28 Warriors Jacob Evans
0%
#41 Magic Jarred Vanderbilt
0%
#48 T-Wolves Keita Bates-Diop
0%
#57 Thunder Kevin Hershey
0%
#60 76ers Kostas Antetokounmpo
0%
#26 76ers Landry Shamet
0%
#35 Magic Melvin Frazier
0%
#25 Lakers Moritz Wagner
0%
#56 76ers Ray Spalding
0%
#54 Mavericks Shake Milton
0%
#47 Lakers Sviatoslav Mykhailiuk
0%
#58 Nuggets Thomas Welsh
0%
#51 Pelicans Tony Carr
0%
#52 Jazz Vincent Edwards
0%
No matching quizzes found
Score Distribution
Percent of People with Each Score
Percentile by Number Answered
Your Score History
You have not taken this quiz